|
|
|
|
| LEADER |
00680cam a2200205 a 4500 |
| 001 |
0000107026 |
| 005 |
20080923090000.0 |
| 040 |
|
|
|a mod
|
| 041 |
|
|
|a eng
|
| 020 |
0 |
0 |
|a 041504183X
|
| 090 |
0 |
0 |
|a 959.504
|b JAC
|
| 100 |
1 |
0 |
|a Jacson
|h Robert
|
| 245 |
1 |
4 |
|a The Malayan emergency
|b the commenwealth's wars 1948-1966
|c Robert Jackson
|
| 260 |
0 |
0 |
|a London
|b Routlege
|c 1991
|
| 300 |
|
|
|a vii, 156p.
|b ill., map
|c 24 cm
|
| 504 |
0 |
0 |
|a Includes bibliographical references and index
|
| 651 |
0 |
0 |
|a Malaya
|x History
|y Malayan Emergency, 1948-191960
|
| 999 |
|
|
|
| 999 |
|
|
|a 0000000005
|b MTAT
|d BOOKS
|e Umum
|f MTAT
|j CIRCULATED
|p 1
|q GOOD CONDITION
|
| 999 |
|
|
|a 0140944
|b IPDA
|d BOOKS
|e Umum
|f IPDA
|j AVAILABLE
|q GOOD CONDITION
|